Epitoanyagok (Record no. 66862)
[ view plain ]
| 000 -LEADER | |
|---|---|
| fixed length control field | 00398nam a22001457a 4500 |
| 008 - FIXED-LENGTH DATA ELEMENTS--GENERAL INFORMATION | |
| fixed length control field | 240911b |||||||| |||| 00| 0 eng d |
| 040 ## - CATALOGING SOURCE | |
| Original cataloging agency | National Science Library |
| Transcribing agency | National Science Library |
| 080 ## - UNIVERSAL DECIMAL CLASSIFICATION NUMBER | |
| Universal Decimal Classification number | R 691(038)=00 |
| Item number | J8 |
| 100 ## - MAIN ENTRY--PERSONAL NAME | |
| Personal name | Laszlo, Palotas |
| 245 ## - TITLE STATEMENT | |
| Title | Epitoanyagok |
| 260 ## - PUBLICATION, DISTRIBUTION, ETC. | |
| Place of publication, distribution, etc. | Budapest: |
| Date of publication, distribution, etc. | 1958 |
| 300 ## - PHYSICAL DESCRIPTION | |
| Extent | 174p. |
| 490 ## - SERIES STATEMENT | |
| Series statement | Muszaki ertelmezo szotar |
| Volume/sequential designation | 1 |
| 942 ## - ADDED ENTRY ELEMENTS (KOHA) | |
| Source of classification or shelving scheme | Universal Decimal Classification |
| Koha item type | Reference |
| Withdrawn status | Lost status | Source of classification or shelving scheme | Damaged status | Not for loan | Home library | Current library | Shelving location | Date acquired | Total Checkouts | Full call number | Barcode | Date last seen | Price effective from | Koha item type |
|---|---|---|---|---|---|---|---|---|---|---|---|---|---|---|
| Universal Decimal Classification | National Science Library | National Science Library | GF/ | 21/04/1965 | R 691(038)=00 J8 | 12339 | 11/09/2024 | 21/04/1965 | Reference |